| 000 | 01096cam a2200241 4500 | ||
|---|---|---|---|
| 001 | ##L132317 | ||
| 008 | 060125n1996 000 0 eng u | ||
| 020 | _a090095373X | ||
| 035 | _a(Sirsi) u132317 | ||
| 041 | 0 | _aeng | |
| 050 | 0 | 4 | _a697.9 $2 18 |
| 110 | 2 |
_aThe Chartered Institution of Building Services Engineers _94877 |
|
| 245 | 0 | 0 |
_aCommissioning code A 1996 _bair distribution systems |
| 250 | _aRev. ed. | ||
| 260 |
_aLondon _bCIBSE _c1996 |
||
| 300 |
_a28p. _bdiagrams. _c30cm. |
||
| 350 | _a28.00 | ||
| 505 | 2 | _aIntroduction -- Preliminary checks -- Setting to work -- Regulation of air flow -- Commissioning documentation -- Witnessing. | |
| 520 | _aSets out the work stages required to commission typical air distribution systems. Appendices discuss design implications, installation, measurement of air flow and calibration of instrumentation, and health and safety arrangements. | ||
| 651 | 4 |
_aUnited Kingdom _y |
|
| 690 | _aBUILT ENVIRONMENT-BUILDING ELEMENTS-COMPLETE BUILDING SERVICES ELEMENTS-COMPLETE HEATING, VENTILATION AND AIR CONDITIONING SYSTEMS | ||
| 942 | _n0 | ||
| 999 |
_c105094 _d105094 |
||